01241nam a2200265 a 450000100100000000500170001000800410002702000150006804000250008324501610010826000320026930000210030149000620032250000210038450400190040553400560042470000370048070000280051770000260054583000690057195201060064095201060074695201060085299900170095800003658720200930075820.0120120s1988 sp 000 0 spa d a8431104570 aDO-SdBNPbspacBNPHU00aNutrición artificial del adulto en reanimación /cbajo la dirección de G. François y A. Artigas, con la colaboración de J.P. Auffray ... [et al.]. aBarcelona :bMasson,c1988. a215 p. ;c25 cm. aColección de médicina intensiva y anestesiologíav5 aIncluye índice aBibliografia : aNutrition artificielle de l'adulte en réanimation1 aFrançois, Georges,eed.9628571 aArtigas, A.eed.9628581 aAuffray, J. P.962859 0aColección de médicina intensiva y anestesiologíav5962860 0010507-18MOaGRbGRcOId2012-01-20iLF1l0o p36587-10r2020-06-25w2020-06-25y1ZNo se presta 0010507-18MOaGRbGRcOId2012-01-20iLF1l0o p36588-10r2020-06-25w2020-06-25y1ZNo se presta 0010507-18MOaGRbGRcOId2012-01-20iLF1l0o p36588-20r2020-06-25w2020-06-25y1ZNo se presta c36078d36078